000 00743nam a2200265Ia 4500
003 OSt
005 20221005090331.0
006 a|||||r|||| 00| 0
007 ta
008 221004b |||||||| |||| 00| 0 eng d
024 _a62558
037 _cTextual
040 _aCRL
_cCRL
_beng
041 _2eng
_aeng
082 _aS:73:7, N0
100 _aHarris Albert J
_991497
245 0 _aHow to increase reading ability
_b A guide to development and remedial methods
250 _a9th
260 _aNew York
_bLongman U. S. A.
_c1990
300 _a926p.
_ccm.
650 _aPSYCHOLOGY
700 _a Sipay Edward R
_9615175
942 _hS:73:7, N0
_cTEXL
_2cc
999 _c995624
_d995624